| 000 | 00501nam a22002057a 4500 | ||
|---|---|---|---|
| 999 |
_c480946 _d480946 |
||
| 003 | NUST | ||
| 005 | 20180828111902.0 | ||
| 008 | 180828b ||||| |||| 00| 0 eng d | ||
| 020 | _a0408004262 | ||
| 022 | _a0408004262 | ||
| 038 | _a0 | ||
| 050 | _a629.2 | ||
| 082 | _a629.2 | ||
| 100 |
_aSully,F.K. _912316 |
||
| 245 |
_aMotor Vehicle Mechanics Textbook. _cF.K.Sully. |
||
| 260 |
_aLondon _bNewnes-Butterworths. _c1979 |
||
| 300 | _a313p. | ||
| 500 | _aPaper Cover. | ||
| 942 |
_2ddc _cBK _k629.2 |
||